| 000 | 007480000a22002170004500 | ||
|---|---|---|---|
| 003 | LK-CoMWRAF | ||
| 005 | 20231130115618.0 | ||
| 008 | 230817t1998 ||||| |||| 00| 0 eng d | ||
| 040 |
_aLK-CoMWRAF _dLK-CoMWRAF _eLK-CoMWRAF |
||
| 041 | _aeng | ||
| 041 | _afre | ||
| 082 |
_a305.42 _bDEV |
||
| 110 | _aDevelopment Assistance Committee | ||
| 245 | _aDAC guidelines for gender equality and women's empowerment in development co-operation | ||
| 260 |
_aParis: _bOrganisation for Economic Co-operation and Development, _c1998 |
||
| 300 | _a43 p. 52 p. ; 23 cm | ||
| 490 | _a Development co-operation guidelines series | ||
| 650 | _aWOMEN IN DEVELOPMENT | ||
| 856 | _uhttps://www.oecd.org/development/gender-development/28313843.pdf | ||
| 942 | _cBK | ||
| 999 |
_c3141 _d3141 |
||